• 首页
  • 本馆介绍
  • 公告通知
  • 最新文献
  • 馆藏检索
  • 电子资源
  • 读者导购
  • 参考咨询
  • 我的图书馆
  • 登录
  • 详细信息显示
  • 放入我的书架
  • 预约/预借图书
  • 作者相关作品
  • 分类相关作品
  • 丛书相关作品
  • 出版社相关作品

书目信息

  • 表格格式
  • 工作单格式
  • 卡片格式
题名:
中药制药工程原理与设备习题集
    
 
作者: 王沛 主编
分册:  
出版信息: 北京   金盾出版社  2014
页数: 301页
开本: 21cm
丛书名:
单 册:
中图分类: TQ461-44 , TH788-44 , TQ461
科图分类:
主题词: 中成药--Zhong Cheng Yao--生产工艺--中医学院--习题集 , 中草药加工设备--Zhong Cao Yao Jia Gong She Bei--中医学院--习题集
电子资源:
ISBN: 978-7-5082-9652-4
000 01387nam0 2200313 450
001 1677511791
005 20141712101755.0
010    @a978-7-5082-9652-4@dCNY22.00
100    @a20150116d2014 em y0chiy0120 ea
101 0  @achi
102    @aCN@b110000
105    @aa q 000yy
106    @ar
200 1  @a中药制药工程原理与设备习题集@AZhong Yao Zhi Yao Gong Cheng Yuan Li Yu She Bei Xi Ti Ji@f主编王沛
210    @a北京@c金盾出版社@d2014
215    @a301页@c图@d21cm
300    @a全国中医药行业高等教育“十二五”规划教材 全国高等中医药院校规划教材配套教材
311    @a本书是《中药制药工程原理与设备》配套教学用书
330    @a中药制药工程原理与设备习题集是全国中医药行业高等教育“十二五”规划教材、全国高等中医药院校规划教材《中药制药工程原理与设备》配套教学用书。指定专业为中药学类、药学类、制药工程等。供学生复习教材内容,巩固所学知识之用。本书的章节顺序安排与教材章节顺序一致,旨在为使学生更好地完整地掌握《中药制药工程原理与设备》这门学科的知识体系。
333    @a供中药学类、药学类、制药工程等专业用
488  0 @12001 @a中药制药工程原理与设备
606 0  @a中成药@AZhong Cheng Yao@x生产工艺@x中医学院@j习题集
606 0  @a中草药加工设备@AZhong Cao Yao Jia Gong She Bei@x中医学院@j习题集
690    @aTQ461-44@v5
690    @aTH788-44@v5
690    @aTQ461@v4
701  0 @a王沛@AWang Pei@4主编
801  0 @aCN@b江苏新华@c20150511
905    @aBZT@dTQ461@e2
    
    中药制药工程原理与设备习题集/主编王沛.-北京:金盾出版社,2014
    301页:图;21cm
    全国中医药行业高等教育“十二五”规划教材 全国高等中医药院校规划教材配套教材.-使用对象:供中药学类、药学类、制药工程等专业用
    
    ISBN 978-7-5082-9652-4:CNY22.00
    中药制药工程原理与设备习题集是全国中医药行业高等教育“十二五”规划教材、全国高等中医药院校规划教材《中药制药工程原理与设备》配套教学用书。指定专业为中药学类、药学类、制药工程等。供学生复习教材内容,巩固所学知识之用。本书的章节顺序安排与教材章节顺序一致,旨在为使学生更好地完整地掌握《中药制药工程原理与设备》这门学科的知识体系。
●
相关链接 在五车中查询图书 在当当中查询图书 在豆瓣中查询图书


正题名:中药制药工程原理与设备习题集     索取号:TQ461/2         预约/预借

序号 登录号 条形码 馆藏地/架位号 状态 备注
1 801035   2000801035   第二书库/ [索取号:TQ461/2] 在馆    
2 801036   2000801036   第二书库/ [索取号:TQ461/2] 在馆    
3 801037   2000801037   第二书库/ [索取号:TQ461/2] 在馆    
山东省滨州职业学院图书馆 欢迎您!
大连网信软件有限公司© 版权所有